000 00495nam a2200169Ia 4500
005 20260601193245.0
008 260601s9999||||xx |||||||||||||| ||und||
020 _a978-3-031-58233-2
_qebk
100 _aMoshe Klein
245 0 _aFoundations of Soft Logic
250 _a2024
260 _aHeidelberg, Germany
_bSpringer Nature
_c2024
650 _aComputer Science
700 _aOded Maimon
856 _uhttps://link.springer.com/openurl?genre=book&isbn=978-3-031-58233-2
942 _cEB
_2ddc
999 _c56552
_d56552